000 00341nam a22001457a 4500
008 210225b ||||| |||| 00| 0 eng d
020 _a9780131188594
041 _aeng
080 _210th
_a343.9
082 _a343.9
100 _a13
101 _aKRI
245 _aCriminal Investigation
_cWeaston, P.B & Lushbaugh Ch.A
942 _2udc
_cBK
999 _c55228
_d55228